<?xml version="1.0" encoding="UTF-8"?>
<record
    xmlns:xsi="http://www.w3.org/2001/XMLSchema-instance"
    xsi:schemaLocation="http://www.loc.gov/MARC21/slim http://www.loc.gov/standards/marcxml/schema/MARC21slim.xsd"
    xmlns="http://www.loc.gov/MARC21/slim">

  <leader>00870njm a2200277 u 4500</leader>
  <controlfield tag="001">1064451</controlfield>
  <controlfield tag="005">20260507082720.0</controlfield>
  <controlfield tag="007">sd||||g|</controlfield>
  <controlfield tag="008">080128s2005                        spa  </controlfield>
  <datafield tag="035" ind1=" " ind2=" ">
    <subfield code="a">1064451</subfield>
  </datafield>
  <datafield tag="040" ind1=" " ind2=" ">
    <subfield code="c">comduadb</subfield>
  </datafield>
  <datafield tag="041" ind1=" " ind2=" ">
    <subfield code="a">spa</subfield>
  </datafield>
  <datafield tag="080" ind1=" " ind2=" ">
    <subfield code="a">IN/</subfield>
  </datafield>
  <datafield tag="100" ind1="1" ind2="0">
    <subfield code="a">Riso, Walter,</subfield>
    <subfield code="d">1951-</subfield>
    <subfield code="4">aut</subfield>
    <subfield code="0">(isni)0000000079788507</subfield>
    <subfield code="0">(viaf)87426573</subfield>
    <subfield code="e">aut</subfield>
    <subfield code="9">255930</subfield>
  </datafield>
  <datafield tag="245" ind1="1" ind2="0">
    <subfield code="a">Aprendiendo a quererse a si mismo</subfield>
  </datafield>
  <datafield tag="260" ind1=" " ind2=" ">
    <subfield code="a">Bogot&#xE1; :</subfield>
    <subfield code="b">INCI (Instituto Nacional para Ciegos),</subfield>
    <subfield code="c">2005.</subfield>
  </datafield>
  <datafield tag="300" ind1=" " ind2=" ">
    <subfield code="a">1CD (199 min.) : son. Formato DAISY</subfield>
  </datafield>
  <datafield tag="490" ind1="0" ind2=" ">
    <subfield code="a">Programa Libro Hablado</subfield>
  </datafield>
  <datafield tag="650" ind1=" " ind2="7">
    <subfield code="a">Autoestima</subfield>
    <subfield code="2">lemb</subfield>
    <subfield code="9">32643</subfield>
  </datafield>
  <datafield tag="650" ind1=" " ind2="7">
    <subfield code="a">Salud mental</subfield>
    <subfield code="2">dcs</subfield>
    <subfield code="9">188061</subfield>
  </datafield>
  <datafield tag="650" ind1=" " ind2="7">
    <subfield code="a">Psicolog&#xED;a cl&#xED;nica</subfield>
    <subfield code="2">lemb</subfield>
    <subfield code="9">1353</subfield>
  </datafield>
  <datafield tag="650" ind1=" " ind2="7">
    <subfield code="a">Autopercepci&#xF3;n</subfield>
    <subfield code="2">lemb</subfield>
    <subfield code="9">39165</subfield>
  </datafield>
  <datafield tag="650" ind1=" " ind2="7">
    <subfield code="a">Autopercepci&#xF3;n</subfield>
    <subfield code="2">lemb</subfield>
    <subfield code="9">39165</subfield>
  </datafield>
  <datafield tag="700" ind1="1" ind2="0">
    <subfield code="a">Ayala, Hernando</subfield>
    <subfield code="4">nrt</subfield>
    <subfield code="e">nrt</subfield>
    <subfield code="9">336413</subfield>
  </datafield>
  <datafield tag="942" ind1=" " ind2=" ">
    <subfield code="c">BOOK</subfield>
  </datafield>
  <datafield tag="999" ind1=" " ind2=" ">
    <subfield code="c">449967</subfield>
    <subfield code="d">449967</subfield>
  </datafield>
  <datafield tag="952" ind1=" " ind2=" ">
    <subfield code="0">0</subfield>
    <subfield code="1">0</subfield>
    <subfield code="4">0</subfield>
    <subfield code="7">0</subfield>
    <subfield code="8">INVIDENTES</subfield>
    <subfield code="a">BC</subfield>
    <subfield code="b">BC</subfield>
    <subfield code="d">2008-01-28</subfield>
    <subfield code="i">C987295</subfield>
    <subfield code="l">0</subfield>
    <subfield code="o">IN 00555 CD e2</subfield>
    <subfield code="p">0720753</subfield>
    <subfield code="r">2023-04-27 00:00:00</subfield>
    <subfield code="t">2</subfield>
    <subfield code="w">2023-04-27</subfield>
    <subfield code="y">DIGITAL</subfield>
  </datafield>
</record>
